000 00636nam a2200241Ia 4500
003 OSt
005 20220918191804.0
006 a|||||r|||| 00| 0
007 ta
008 220917b |||||||| |||| 00| 0 eng d
024 _a65,045
037 _cTextual
040 _aARTS
_cARTS
_beng
041 _2eng
_aeng
082 _aR1xM39x, L7-;1
100 _aMartin R M
_942215
245 0 _aPeirce's logic of relations and other studies
260 _aLisse
_bPeter De Ridder
_c1979
300 _a156p.
_ccm.
650 _aPHILOSOPHY
942 _hR1xM39x, L7-;1
_cTEXL
_2CC
999 _c191382
_d191382